Európske trhy prioritou

Slovenské firmy si potrebujú výraznejšie osvojiť exportný marketing a uskutočniť zmeny vo výrobnej praxi. Slovenský export podľa kontinentov a podľa ekonomických zoskupení. Zahraničný obchod Slovenskej republiky. Vývoj salda od začiatku 2000. Informácie o Slovenskom exportnom informačnom centre. Štá...

Descrizione completa

Salvato in:
Dettagli Bibliografici
Autore principale: Lipianska, Ľudmila
Natura: Capitolo di libro
Lingua:slovacco
Soggetti:
Tags: Aggiungi Tag
Nessun Tag, puoi essere il primo ad aggiungerne!!

MARC

LEADER 00000naa a2200000 4500
001 r039694
005 20230920071810.5
041 0 |a slo 
044 |a SK 
245 1 0 |a Európske trhy prioritou  |c Ľudmila Lipianska 
520 |a Slovenské firmy si potrebujú výraznejšie osvojiť exportný marketing a uskutočniť zmeny vo výrobnej praxi. Slovenský export podľa kontinentov a podľa ekonomických zoskupení. Zahraničný obchod Slovenskej republiky. Vývoj salda od začiatku 2000. Informácie o Slovenskom exportnom informačnom centre. Štátne programy podpory exportu v roku 2000. Marketingová stratégia exportu. 
610 2 0 |a obchod zahraničný 
610 2 0 |a marketing 
610 2 0 |a vývoz 
610 2 0 |a trh 
610 2 0 |a Európska únia 
610 2 0 |a Slovensko 
610 2 0 |a bilancia obchodná 
610 2 0 |a saldo 
610 2 0 |a výroba 
610 2 0 |a Slovenské exportné informačné centrum 
100 1 |a Lipianska, Ľudmila